000 00345cam a2200145ua 4500
003 OSt
008 240325b |||||||| |||| 00| 0 eng d
041 _amal
082 _a894.812 803
_bSHA/CJ
245 _aC.J. Thomas /
250 _a1 /
260 _a :
_bSahitya Pravarthaka Co-operative Society ,
_c1961.
300 _a125 ; .
942 _cBK
999 _c3738
_d3738